Andrò in paradiso - Hazbin Hotel - Statistics

Statistiche generali
  • Questo quiz è stato fatto 6 volte
  • Il punteggio medio è 95 su 188
Statistiche sulle risposte
Risposta % Corretto
è
100%
e
100%
in
100%
non
100%
paradiso
100%
se
100%
so
100%
a
67%
al
67%
[Velvette] | [Vox] andrò
67%
che
67%
chi
67%
ci
67%
con
67%
cosa
67%
[Vox, Valentino & Velvette] da
67%
[Valentino] degli
67%
di
67%
gli
67%
ha
67%
il
67%
la
67%
le
67%
67%
loro
67%
loro!
67%
[Vox e Valentino] ma
67%
mai
67%
me
67%
mi
67%
noi
67%
per
67%
qua
67%
quanto
67%
sarà
67%
si
67%
[Vox] si!
67%
su
67%
te
67%
un
67%
[Valentino] abolisci
33%
ali
33%
ammazzerò
33%
[Valentino] anche
33%
andiamo
33%
angeli
33%
angelici
33%
angioletto
33%
attimo
33%
avrei
33%
bagnati?
33%
basta
33%
cambierà
33%
castità
33%
[Vox] cazzi
33%
cazzo
33%
celestiale
33%
charlie
33%
chissà
33%
[Velvette] conquistare
33%
[Vox] conta
33%
crede
33%
creduto
33%
del
33%
Dio
33%
dio
33%
diventati
33%
divinità
33%
esorcisti
33%
fama
33%
fare
33%
geni!
33%
godrei
33%
grandi
33%
guiderà
33%
inchinati
33%
l’inferno
33%
nella
33%
nuovo
33%
ogni
33%
pagherà
33%
più
33%
posto
33%
potremmo
33%
pronti
33%
pubblico
33%
[Vox, Valentino & Velvette] puntiamo
33%
puttana
33%
quel
33%
[Velvette] quella
33%
quelli
33%
quello
33%
regnando
33%
santi
33%
scintillio
33%
siamo
33%
sono
33%
squallido
33%
succederà
33%
suo
33%
supremi
33%
torturarli
33%
tre
33%
troni
33%
tua
33%
tutti
33%
ubbidirà
33%
[Velvette] usi
33%
vasto
33%
[Valentino] verrò
33%
via
33%
voglio
33%
volontà
33%
avrà
0%
bandita
0%
casa
0%
già
0%
immaginate
0%
nome
0%
pietà
0%
può
0%
questa
0%
realizzerà
0%
regno
0%
sfondare
0%
sogno
0%
sporca
0%
[Velvett] strappiamo
0%
torre
0%
trinità
0%
trio
0%
Nessun quiz corrispondente trovato
Distribuzione punteggi
Percentuale di utenti per punteggio
Percentile per numero di risposta
I tuoi punteggi nel tempo
Non hai fatto questo quiz